<?xml version="1.0" encoding="UTF-8"?>
<record
    xmlns:xsi="http://www.w3.org/2001/XMLSchema-instance"
    xsi:schemaLocation="http://www.loc.gov/MARC21/slim http://www.loc.gov/standards/marcxml/schema/MARC21slim.xsd"
    xmlns="http://www.loc.gov/MARC21/slim">

  <leader>00325nam a2200145Ia 4500</leader>
  <controlfield tag="008">191201s2012    xx            000 0 und d</controlfield>
  <datafield tag="082" ind1=" " ind2=" ">
    <subfield code="a">004.678</subfield>
    <subfield code="b">KAM</subfield>
  </datafield>
  <datafield tag="100" ind1=" " ind2=" ">
    <subfield code="a">KAMAL,Raj</subfield>
  </datafield>
  <datafield tag="245" ind1=" " ind2="0">
    <subfield code="a">Mobile Computing</subfield>
  </datafield>
  <datafield tag="250" ind1=" " ind2=" ">
    <subfield code="a">IMP</subfield>
  </datafield>
  <datafield tag="260" ind1=" " ind2=" ">
    <subfield code="a">N. Delhi</subfield>
    <subfield code="b">Oxford</subfield>
    <subfield code="c">2012</subfield>
  </datafield>
  <datafield tag="300" ind1=" " ind2=" ">
    <subfield code="a">627</subfield>
  </datafield>
  <datafield tag="650" ind1=" " ind2=" ">
    <subfield code="a">M.Tech(CSE)</subfield>
  </datafield>
  <datafield tag="942" ind1=" " ind2=" ">
    <subfield code="2">ddc</subfield>
    <subfield code="c">BK</subfield>
  </datafield>
  <datafield tag="999" ind1=" " ind2=" ">
    <subfield code="c">5767</subfield>
    <subfield code="d">5767</subfield>
  </datafield>
  <datafield tag="952" ind1=" " ind2=" ">
    <subfield code="0">0</subfield>
    <subfield code="1">0</subfield>
    <subfield code="2">ddc</subfield>
    <subfield code="4">0</subfield>
    <subfield code="7">0</subfield>
    <subfield code="8">BTECHCSE</subfield>
    <subfield code="a">PIET</subfield>
    <subfield code="b">PIET</subfield>
    <subfield code="d">2013-08-30</subfield>
    <subfield code="g">525.00</subfield>
    <subfield code="k">6471</subfield>
    <subfield code="l">0</subfield>
    <subfield code="o">004.678 KAM</subfield>
    <subfield code="p">22808</subfield>
    <subfield code="r">2019-12-04 00:00:00</subfield>
    <subfield code="w">2013-07-27</subfield>
    <subfield code="y">BK</subfield>
  </datafield>
  <datafield tag="952" ind1=" " ind2=" ">
    <subfield code="0">0</subfield>
    <subfield code="1">0</subfield>
    <subfield code="2">ddc</subfield>
    <subfield code="4">0</subfield>
    <subfield code="7">0</subfield>
    <subfield code="8">BTECHCSE</subfield>
    <subfield code="a">PIET</subfield>
    <subfield code="b">PIET</subfield>
    <subfield code="d">2013-08-30</subfield>
    <subfield code="g">525.00</subfield>
    <subfield code="k">6471</subfield>
    <subfield code="l">1</subfield>
    <subfield code="o">004.678 KAM</subfield>
    <subfield code="p">22809</subfield>
    <subfield code="r">2020-02-24 00:00:00</subfield>
    <subfield code="s">2020-02-10</subfield>
    <subfield code="w">2013-07-27</subfield>
    <subfield code="y">BK</subfield>
  </datafield>
  <datafield tag="952" ind1=" " ind2=" ">
    <subfield code="0">0</subfield>
    <subfield code="1">0</subfield>
    <subfield code="2">ddc</subfield>
    <subfield code="4">0</subfield>
    <subfield code="7">0</subfield>
    <subfield code="8">BTECHCSE</subfield>
    <subfield code="a">PIET</subfield>
    <subfield code="b">PIET</subfield>
    <subfield code="d">2013-08-30</subfield>
    <subfield code="g">525.00</subfield>
    <subfield code="k">6471</subfield>
    <subfield code="l">5</subfield>
    <subfield code="o">004.678 KAM</subfield>
    <subfield code="p">22810</subfield>
    <subfield code="r">2025-07-10 00:00:00</subfield>
    <subfield code="s">2024-02-29</subfield>
    <subfield code="w">2013-07-27</subfield>
    <subfield code="y">BK</subfield>
  </datafield>
  <datafield tag="952" ind1=" " ind2=" ">
    <subfield code="0">0</subfield>
    <subfield code="1">0</subfield>
    <subfield code="2">ddc</subfield>
    <subfield code="4">0</subfield>
    <subfield code="7">0</subfield>
    <subfield code="8">BTECHCSE</subfield>
    <subfield code="a">PIET</subfield>
    <subfield code="b">PIET</subfield>
    <subfield code="d">2013-08-30</subfield>
    <subfield code="g">525.00</subfield>
    <subfield code="k">6471</subfield>
    <subfield code="l">3</subfield>
    <subfield code="o">004.678 KAM</subfield>
    <subfield code="p">22811</subfield>
    <subfield code="r">2024-03-29 00:00:00</subfield>
    <subfield code="s">2023-12-05</subfield>
    <subfield code="w">2013-07-27</subfield>
    <subfield code="y">BK</subfield>
  </datafield>
  <datafield tag="952" ind1=" " ind2=" ">
    <subfield code="0">0</subfield>
    <subfield code="1">0</subfield>
    <subfield code="2">ddc</subfield>
    <subfield code="4">0</subfield>
    <subfield code="7">0</subfield>
    <subfield code="8">BTECHCSE</subfield>
    <subfield code="a">PIET</subfield>
    <subfield code="b">PIET</subfield>
    <subfield code="d">2013-08-30</subfield>
    <subfield code="g">525.00</subfield>
    <subfield code="k">6471</subfield>
    <subfield code="l">3</subfield>
    <subfield code="o">004.678 KAM</subfield>
    <subfield code="p">22812</subfield>
    <subfield code="r">2022-04-27 00:00:00</subfield>
    <subfield code="s">2022-04-19</subfield>
    <subfield code="w">2013-07-27</subfield>
    <subfield code="y">BK</subfield>
  </datafield>
  <datafield tag="952" ind1=" " ind2=" ">
    <subfield code="0">0</subfield>
    <subfield code="1">0</subfield>
    <subfield code="2">ddc</subfield>
    <subfield code="4">0</subfield>
    <subfield code="7">0</subfield>
    <subfield code="8">BTECHCSE</subfield>
    <subfield code="a">PIET</subfield>
    <subfield code="b">PIET</subfield>
    <subfield code="d">2024-03-06</subfield>
    <subfield code="e">UDH Publishers</subfield>
    <subfield code="f">In rupees</subfield>
    <subfield code="g">995.00</subfield>
    <subfield code="k">5685</subfield>
    <subfield code="l">1</subfield>
    <subfield code="o">004.678 KAM</subfield>
    <subfield code="p">35620</subfield>
    <subfield code="r">2024-08-22 00:00:00</subfield>
    <subfield code="s">2024-08-13</subfield>
    <subfield code="v">696.50</subfield>
    <subfield code="w">2024-03-06</subfield>
    <subfield code="y">BK</subfield>
    <subfield code="z">Decentralisation</subfield>
  </datafield>
</record>
